000 00413nam a2200169Ia 4500
008 230524s9999 xx 000 0 und d
082 _a415
_bAND
100 _aSandra Anderson
245 0 _aChambers Dictionary
250 _a1ST
260 _aNEW DELHI
_bAllied Chambers
_c2005
300 _a1984
500 _aQuantity Number: 2
650 _aEnglish
700 _a Lynda Carey et.al (Editors)
942 _cBK
999 _c4850
_d4850